| 000 | 01581nam0a2200301 4500 | ||
|---|---|---|---|
| 001 | RU\NLR\bibl\1468651 | ||
| 005 | 20260405151820.0 | ||
| 010 |
_a978-5-98803-197-0 _9500 |
||
| 021 |
_aRU _b2009-97855 _96219 |
||
| 035 | _a(NLR Aleph) 001460363 | ||
| 090 |
_a1579435 _c1579435 |
||
| 100 | _a20100203d2009 |||y0rusy50 ca | ||
| 101 | 0 | _arus | |
| 102 | _aRU | ||
| 105 | _aa ||||||||| | ||
| 200 | 1 |
_aНаучно-методологические подходы к организации работы центров восстановительной медицины и медицинской реабилитации _fК.В. Лядов, Т.В. Шаповаленко, Т.В. Беганова _gФГУ "Лечебно-реабилитац. центр" М-ва здравоохранения Рос. Федерации |
|
| 210 |
_aМосква _cМЕДПРАКТИКА-М _d2009 |
||
| 215 |
_a231 с. _cил. _d21 |
||
| 606 | 1 |
_aЦентры восстановительной медицины и медицинской реабилитации _xОрганизация работы _92584529 _3RU\NLR\auth\661527692 |
|
| 686 | _aР11(2)2л71 | ||
| 700 | 1 |
_4070 _8rus _7ca _aЛядов _bК. В. _gКонстантин Викторович _3RU\NLR\auth\7762956 _945886 |
|
| 701 | 1 |
_aШаповаленко _bТ. В. _gТатьяна Владимировна _4070 |
|
| 701 | 1 |
_aБеганова _bТ. В. _gТатьяна Викторовна _4070 |
|
| 801 | 0 |
_aRU _bNLR _c20100203 _gRCR |
|
| 801 | 1 |
_aRU _bNLR _c20100203 |
|
| 942 | _cBOOK | ||
| 980 | _aNB | ||